书目信息 |
| 题名: |
网店商品拍摄与后期处理
|
|
| 作者: | 易俗 , 辛惠娟 , 李凤娇 主编 | |
| 分册: | ||
| 出版信息: | 上海 上海交通大学出版社 2017 |
|
| 页数: | 234页 | |
| 开本: | 26cm | |
| 丛书名: | 电子商务赢家宝典系列图书 | |
| 单 册: | ||
| 中图分类: | J419.9 | |
| 科图分类: | ||
| 主题词: | 商业摄影--摄影技术 , 图象处理软件 | |
| 电子资源: | ||
| ISBN: | 978-7-313-17822-0 | |
| 000 | 01171oam2 2200301 450 | |
| 001 | 012001012151 | |
| 005 | 20141123183357.0 | |
| 010 | @a978-7-313-17822-0@dCNY68.00 | |
| 100 | @a20181114d2017 em y0chiy50 ea | |
| 101 | 0 | @achi |
| 102 | @aCN@b310000 | |
| 105 | @aa z 000yy | |
| 106 | @ar | |
| 200 | 1 | @a网店商品拍摄与后期处理@9wang dian shang pin pai she yu hou qi chu li@f易俗,辛惠娟,李凤娇主编 |
| 210 | @a上海@c上海交通大学出版社@d2017 | |
| 215 | @a234页@c彩图,彩照@d26cm | |
| 225 | 1 | @a电子商务赢家宝典系列图书 |
| 300 | @a电子商务专业精品教材 | |
| 330 | @a本书共分为7章,第1章介绍网店商品照片拍摄和后期处理基础知识,第2章介绍摄影器材的选购和使用,第3章介绍网店商品照片拍摄技巧,第4章介绍各类网店商品照片的实拍方法,第5章和第6章分别介绍了使用光影魔术手和Photoshop 对网店商品照片进行后期处理的操作等。 | |
| 461 | 0 | @12001 @a电子商务赢家宝典系列图书 |
| 606 | 0 | @a商业摄影@x摄影技术 |
| 606 | 0 | @a图象处理软件 |
| 690 | @aJ419.9@v5 | |
| 701 | 0 | @a易俗@9yi su@f(1962-)@4主编 |
| 701 | 0 | @a辛惠娟@9xin hui juan@c(女,@f1964-)@4主编 |
| 701 | 0 | @a李凤娇@9li feng jiao@4主编 |
| 801 | 0 | @aCN@b上海新华@c20191020 |
| 905 | @b1178626-9@dJ419.9@e410@f4 | |
| 网店商品拍摄与后期处理/易俗,辛惠娟,李凤娇主编.-上海:上海交通大学出版社,2017 |
| 234页:彩图,彩照;26cm.-(电子商务赢家宝典系列图书) |
| 电子商务专业精品教材 |
| ISBN 978-7-313-17822-0:CNY68.00 |
| 本书共分为7章,第1章介绍网店商品照片拍摄和后期处理基础知识,第2章介绍摄影器材的选购和使用,第3章介绍网店商品照片拍摄技巧,第4章介绍各类网店商品照片的实拍方法,第5章和第6章分别介绍了使用光影魔术手和Photoshop 对网店商品照片进行后期处理的操作等。 |
| ● |
| 相关链接 |
|
|
|
|
正题名:网店商品拍摄与后期处理
索取号:J419.9/410
 
预约/预借
| 序号 | 登录号 | 条形码 | 馆藏地/架位号 | 状态 | 备注 |
| 1 | 1178626 | 211786263 | 第一样本阅览室/ [索取号:J419.9/410] | 在馆 | |
| 2 | 1178627 | 211786272 | 第一借阅区/ [索取号:J419.9/410] | 在馆 | |
| 3 | 1178628 | 211786281 | 第一借阅区/ [索取号:J419.9/410] | 在馆 | |
| 4 | 1178629 | 211786290 | 第一借阅区/ [索取号:J419.9/410] | 在馆 |